Clementine (Record no. 31377)

MARC details
000 -LEADER
fixed length control field 01574nam a2200433 a 4500
001 - CONTROL NUMBER
control field 14064345
003 - CONTROL NUMBER IDENTIFIER
control field OSt
005 - DATE AND TIME OF LATEST TRANSACTION
control field 20251205035414.0
008 - FIXED-LENGTH DATA ELEMENTS--GENERAL INFORMATION
fixed length control field 050804s2006 nyua c 000 1 eng
010 ## - LIBRARY OF CONGRESS CONTROL NUMBER
LC control number 2005050458
020 ## - INTERNATIONAL STANDARD BOOK NUMBER
International Standard Book Number 9780786838820
020 ## - INTERNATIONAL STANDARD BOOK NUMBER
International Standard Book Number 0786838825
020 ## - INTERNATIONAL STANDARD BOOK NUMBER
International Standard Book Number 9780786838837 (pbk.)
020 ## - INTERNATIONAL STANDARD BOOK NUMBER
International Standard Book Number 0786838833 (pbk.)
040 ## - CATALOGING SOURCE
Original cataloging agency DLC
Transcribing agency DLC
042 ## - AUTHENTICATION CODE
Authentication code lcac
100 1# - MAIN ENTRY--PERSONAL NAME
Personal name Pennypacker, Sara,
Dates associated with a name 1951-
Relator term author.
245 10 - TITLE STATEMENT
Title Clementine
Number of part/section of a work (#1) /
Statement of responsibility, etc. Sara Pennypacker ; pictures by Marla Frazee.
250 ## - EDITION STATEMENT
Edition statement 1st edition.
264 #1 - PRODUCTION, PUBLICATION, DISTRIBUTION, MANUFACTURE, AND COPYRIGHT NOTICE
Place of production, publication, distribution, manufacture New York :
Name of producer, publisher, distributor, manufacturer Hyperion Books for Children,
Date of production, publication, distribution, manufacture, or copyright notice 2006.
300 ## - PHYSICAL DESCRIPTION
Extent 133 pages :
Other physical details illustrations ;
Dimensions 21 cm.
336 ## - CONTENT TYPE
Content type term text
Content type code txt
Source rdacontent.
337 ## - MEDIA TYPE
Media type term unmediated
Media type code n
Source rdamedia.
338 ## - CARRIER TYPE
Carrier type term volume
Carrier type code nc
Source rdacarrier.
490 1# - SERIES STATEMENT
Series statement Clementine ;
Volume/sequential designation #1.
520 ## - SUMMARY, ETC.
Summary, etc. While sorting through difficulties in her friendship with her neighbor Margaret, eight-year-old Clementine gains several unique hairstyles while also helping her father in his efforts to banish pigeons from the front of their apartment building.
521 1# - TARGET AUDIENCE NOTE
Target audience note 7-10.
521 2# - TARGET AUDIENCE NOTE
Target audience note 1-5.
521 8# - TARGET AUDIENCE NOTE
Target audience note 790
Source Lexile.
650 #1 - SUBJECT ADDED ENTRY--TOPICAL TERM
Topical term or geographic name as entry element Friendship
Form subdivision Juvenile fiction.
650 #1 - SUBJECT ADDED ENTRY--TOPICAL TERM
Topical term or geographic name as entry element Family life
Form subdivision Juvenile fiction.
650 #1 - SUBJECT ADDED ENTRY--TOPICAL TERM
Topical term or geographic name as entry element Apartment houses
Form subdivision Juvenile fiction.
650 #0 - SUBJECT ADDED ENTRY--TOPICAL TERM
Topical term or geographic name as entry element Battle of the Books (BOB) 2014-15 4th-5th (fourth and fifth) grade.
650 #1 - SUBJECT ADDED ENTRY--TOPICAL TERM
Topical term or geographic name as entry element Schools
Form subdivision Juvenile fiction.
650 #1 - SUBJECT ADDED ENTRY--TOPICAL TERM
Topical term or geographic name as entry element Humorous stories.
700 1# - ADDED ENTRY--PERSONAL NAME
Personal name Frazee, Marla,
Relator term illustrator.
800 1# - SERIES ADDED ENTRY--PERSONAL NAME
Personal name Pennypacker, Sara,
Dates associated with a name 1951-
Title of a work Clementine ;
Volume/sequential designation #1.
942 ## - ADDED ENTRY ELEMENTS (KOHA)
Koha item type Libro/Book
Holdings
Withdrawn status Lost status Damaged status Not for loan Home library Current library Date acquired Total Checkouts Full call number Barcode Date last seen Price effective from Koha item type
        San Juan Del Sur -- Biblioteca San Juan Del Sur -- Biblioteca 05/12/2025   JF 30023587 05/12/2025 05/12/2025 Libro/Book

Powered by Koha